|
|
|
|
| LEADER |
00000naa2a2200000 4500 |
| 001 |
241253 |
| 005 |
20251215164411.0 |
| 035 |
|
|
|a (RuTPU)RU\TPU\book\262520
|
| 035 |
|
|
|a RU\TPU\book\262505
|
| 090 |
|
|
|a 241253
|
| 100 |
|
|
|a 20130708d2013 k y0rusy50 ca
|
| 101 |
0 |
|
|a rus
|
| 102 |
|
|
|a RU
|
| 135 |
|
|
|a drcn ---uucaa
|
| 200 |
1 |
|
|a Альтернативный способ обучения: активное обучение
|f Е. Б. Рабенко, Б. Н. Турсунбекова, А. Ю. Вязнин, А. Г. Сазонов
|
| 215 |
|
|
|a 1 файл(514 Кб)
|
| 225 |
1 |
|
|a Инициативные проекты
|
| 300 |
|
|
|a Заглавие с титульного листа
|
| 337 |
|
|
|a Adobe Reader
|
| 463 |
|
1 |
|0 (RuTPU)RU\TPU\book\260564
|t Ресурсоэффективным технологиям - энергию и энтузиазм молодых
|o сборник докладов IV Университетской конференции студентов Элитного технического образования, г. Томск, 24 -27 апреля 2013 г.
|f Национальный исследовательский Томский политехнический университет (ТПУ)
|v [С. 220-221]
|d 2013
|
| 610 |
1 |
|
|a труды учёных ТПУ
|
| 610 |
1 |
|
|a электронный ресурс
|
| 610 |
1 |
|
|a обучение
|
| 610 |
1 |
|
|a альтернатива
|
| 610 |
1 |
|
|a активное обучение
|
| 610 |
1 |
|
|a игры
|
| 610 |
1 |
|
|a математика
|
| 701 |
|
1 |
|a Рабенко
|b Е. Б.
|g Екатерина Борисовна
|
| 701 |
|
1 |
|a Турсунбекова
|b Б. Н.
|g Бубусайра Нурбековна
|
| 701 |
|
1 |
|a Вязнин
|b А. Ю.
|g Алексей Юрьевич
|
| 701 |
|
1 |
|a Сазонов
|b А. Г.
|g Александр Георгиевич
|
| 801 |
|
1 |
|a RU
|b 63413507
|c 20130205
|
| 801 |
|
2 |
|a RU
|b 63413507
|c 20220329
|g RCR
|
| 856 |
4 |
|
|u http://www.lib.tpu.ru/fulltext/c/2013/C08/103.pdf
|
| 942 |
|
|
|c CF
|